les Cahiers Obsidiane. (رقم التسجيلة. 153954)
[ عرض عادي ]
| 000 -LEADER | |
|---|---|
| fixed length control field | 01139cas a2200361 a 4500 |
| 005 - DATE AND TIME OF LATEST TRANSACTION | |
| control field | 20240211191953.0 |
| 008 - FIXED-LENGTH DATA ELEMENTS--GENERAL INFORMATION | |
| fixed length control field | 190424c19799999fr uu p 0 b0eng |
| 010 ## - LIBRARY OF CONGRESS CONTROL NUMBER | |
| LC control number | 82644891 |
| 022 ## - INTERNATIONAL STANDARD SERIAL NUMBER | |
| International Standard Serial Number | 0182-2373 |
| ISSN-L | 0182-2373 |
| 035 ## - SYSTEM CONTROL NUMBER | |
| System control number | (OCoLC)ocm08710894 |
| 037 ## - SOURCE OF ACQUISITION | |
| Source of stock number/acquisition | Obsidiane, 50, rue des Abbesses, 75018 Paris |
| 040 ## - CATALOGING SOURCE | |
| Original cataloging agency | DLC |
| Language of cataloging | eng |
| Transcribing agency | DLC |
| Modifying agency | NST |
| -- | CUS |
| -- | OCLCQ |
| -- | OCLCO |
| -- | OCLCF |
| -- | OCLCQ |
| -- | OCLCO |
| 041 0# - LANGUAGE CODE | |
| Language code of text/sound track or separate title | eng |
| -- | fre |
| -- | ger |
| 042 ## - AUTHENTICATION CODE | |
| Authentication code | pcc |
| 050 ## - LIBRARY OF CONGRESS CALL NUMBER | |
| Classification number | 860.809805 |
| Item number | C1324 |
| 092 04 - LOCALLY ASSIGNED DEWEY CALL NUMBER (OCLC) | |
| Classification number | 860.809805 |
| Item number | C1324 |
| Edition number | 19 |
| 099 ## - LOCAL FREE-TEXT CALL NUMBER (OCLC) | |
| Classification number | 04 |
| -- | 860.809805 C1324 |
| 245 04 - TITLE STATEMENT | |
| Title | les Cahiers Obsidiane. |
| 246 10 - VARYING FORM OF TITLE | |
| Title proper/short title | Obsidiane |
| 260 ## - PUBLICATION, DISTRIBUTION, ETC. | |
| Place of publication, distribution, etc. | Paris : |
| Name of publisher, distributor, etc. | Obsidiane, |
| Date of publication, distribution, etc. | [1979]- |
| 300 ## - PHYSICAL DESCRIPTION | |
| Extent | volumes : |
| Other physical details | illustrations ; |
| Dimensions | 21 cm |
| 336 ## - CONTENT TYPE | |
| Content type term | text |
| Content type code | txt |
| Source | rdacontent |
| 337 ## - MEDIA TYPE | |
| Media type term | unmediated |
| Media type code | n |
| Source | rdamedia |
| 338 ## - CARRIER TYPE | |
| Carrier type term | volume |
| Carrier type code | nc |
| Source | rdacarrier |
| 362 0# - DATES OF PUBLICATION AND/OR SEQUENTIAL DESIGNATION | |
| Dates of publication and/or sequential designation | [1]- |
| 546 ## - LANGUAGE NOTE | |
| Language note | English, French, and German. |
| 650 #0 - SUBJECT ADDED ENTRY--TOPICAL TERM | |
| Topical term or geographic name entry element | Literature |
| Form subdivision | Periodicals. |
| 650 #7 - SUBJECT ADDED ENTRY--TOPICAL TERM | |
| Topical term or geographic name entry element | Literature. |
| Source of heading or term | fast |
| Authority record control number or standard number | (OCoLC)fst00999953 |
| 655 #7 - INDEX TERM--GENRE/FORM | |
| Genre/form data or focus term | Periodicals. |
| Source of term | fast |
| Authority record control number or standard number | (OCoLC)fst01411641 |
| 905 ## - LOCAL DATA ELEMENT E, LDE (RLIN) | |
| Cataloger | sozan |
| Reviser | Cat. |
| 942 ## - ADDED ENTRY ELEMENTS (KOHA) | |
| Source of classification or shelving scheme | Dewey Decimal Classification |
| Koha item type | Books |
| Source of classification or shelving scheme | Not for loan | Home library | Current library | Date acquired | Full call number | Date last seen | Koha item type |
|---|---|---|---|---|---|---|---|
| Dewey Decimal Classification | المكتبة المركزبة الجديدة - جامعة القاهرة | قاعة الثقاقات الاجنبية - الدور الثالث | 11.02.2024 | 860.809805 C1324 | 23.09.2023 | Continuing Resources |